00491nam a2200181Ia 450000500170000000800410001702000180005804000190007604100120009508200170010710000220012424500610014626000310020730000090023850400370024765000140028485000110029820240429150600.0131103s9999 xx 000 0 und d a0 8230 6340 2 aLoreto College aEnglish a371.33 bPIC aPickering, John M aVisual Education in the Primary SchoolcJohn M Pickering aLondonbB T Batsfordc1971 a87p  aIncludes bibilography references aEducation aLCBED